| 000 | 00000nam 2200000za 4500 |
| 001 | 9.697874 |
| 003 | CaOODSP |
| 005 | 20210624235656 |
| 007 | cr ||||||||||| |
| 008 | 150407|1988||||xxc|||||o f|0| 0 eng d |
| 040 | |aCaOODSP|beng |
| 043 | |an-cn--- |
| 086 | 1 |aA62-42/1988E-PDF |
| 110 | 1 |aCanada.|bAgriculture Canada. |bFood Production and Inspection Branch. |
| 245 | 14|aThe Food Production and Inspection Branch : |h[electronic resource] |bthe programs |
| 260 | |aOttawa - Ontario : |bAgriculture Canada. |cc1988. |
| 300 | |a12p.|bmaps, ill. |
| 500 | |aHistorical publication digitized by Agriculture and Agri-Food Canada. |
| 590 | |a13-17-Supp|b2013-07-25 |
| 690 | 07|aAgri-food industry|2gcpds |
| 690 | 07|aFood inspection|2gcpds |
| 775 | 08|tDirection générale de la production et de l'inspection des aliments : |w(CaOODSP)9.641443 |
| 856 | 40|ahttp://publications.gc.ca|qPDF|s1.02 MB|uhttps://publications.gc.ca/collections/collection_2013/aac-aafc/agrhist/A62-42-1988-eng.pdf |
| 986 | |a5244 |